000 00644nam a2200193 i 4500
001 33701
003 ES-MaACL
005 20230906154815.0
007 t|
008 030203m19141916xxk ||||1| eng d
100 1 _aBeyschlag, F.
_928725
245 1 4 _aThe deposits of the useful minerals and rochs /
_cby F. Beyschlag, J.H.J. Vogt, P. Krusch ; translated by S.J. Truscott.
260 _aLondon :
_bMacmillan and CÂș,
_c1914-16 (
_eEdinburgh :
_fR. and R. Clark)
300 _a2 v. :
_bil. ;
_c23 cm.
700 1 _aVogt, H. J. L.
_9115664
700 1 _aKrusch, P.
_968923
700 1 _aTruscott, S. J.
_9111594
852 _aES-MaACL
_jF-4267-68
999 _c33701
_d33701